[Event "BL 8788 Heidelberg-Koblenz"]
[Site "?"]
[Date "1988.??.??"]
[Round "?.1"]
[White "Gutman, L."]
[Black "Ostl, A."]
[Result "1-0"]
[WhiteElo "2475"]
[BlackElo "2385"]
[PlyCount "77"]
[EventDate "1988.??.??"]

1. c4 e6 2. Nc3 b6 3. d4 Bb7 4. Nf3 Nf6 5. g3 Bb4 6. Bg2 O-O 7. O-O Bxc3 8.
bxc3 d6 9. a4 a5 10. Ne1 Bxg2 11. Nxg2 Nbd7 12. f3 Qe7 13. e4 h6 14. g4 Nh7 15.
Ra2 Rac8 16. Ne3 g5 17. h4 Kg7 18. Rh2 Rh8 19. f4 Rcg8 20. fxg5 hxg5 21. h5
Nhf6 22. Qf3 Qd8 23. Rhf2 Rh6 24. Ng2 Kh8 25. Qe2 e5 26. Rf5 Qe7 27. Rxg5 Rh7
28. Rxg8+ Kxg8 29. d5 Rg7 30. g5 Nh7 31. g6 fxg6 32. Bh6 Rf7 33. hxg6 Rxf1+ 34.
Qxf1 Nhf6 35. Qf5 Nc5 36. Bg5 Kg7 37. Nh4 Ncxe4 38. Bxf6+ Nxf6 39. Qg5 1-0

[Event "BL 8788 Heidelberg-Koblenz"]
[Site "?"]
[Date "1988.??.??"]
[Round "?.2"]
[White "Steinbacher, M."]
[Black "Andruet, G."]
[Result "1-0"]
[WhiteElo "2260"]
[BlackElo "2390"]
[PlyCount "131"]
[EventDate "1988.??.??"]

1. e4 c6 2. d4 d5 3. Nd2 dxe4 4. Nxe4 Nd7 5. Bc4 Ngf6 6. Ng5 e6 7. Ne2 h6 8.
Nf3 Bd6 9. O-O Qc7 10. Bb3 b6 11. Re1 Bb7 12. c3 O-O 13. Ng3 c5 14. Qe2 cxd4
15. cxd4 Bb4 16. Rd1 Bd5 17. Bd2 Bxd2 18. Bxd5 Nxd5 19. Qxd2 Rac8 20. Rac1 Qf4
21. Qxf4 Nxf4 22. Kf1 Rfd8 23. Ne2 Nd5 24. h4 Kf8 25. g3 Ke7 26. Ne5 Nb8 27.
Nc3 Nxc3 28. bxc3 f6 29. Nd3 Kf7 30. Ke2 Nc6 31. Nb2 Rc7 32. Ke3 Rdc8 33. c4
Na5 34. c5 b5 35. Nd3 Nc4+ 36. Ke2 Rd8 37. a4 a6 38. Nb4 Ra8 39. axb5 axb5 40.
Ra1 Rd8 41. Ra6 e5 42. Rc6 Rxc6 43. Nxc6 Rd5 44. dxe5 Rxd1 45. Kxd1 fxe5 46.
Na7 b4 47. Kc2 Ke6 48. Kb3 Nd2+ 49. Kxb4 Ne4 50. Kb5 Nxf2 51. c6 Ne4 52. c7
Nd6+ 53. Kc6 e4 54. Nb5 Nc8 55. Nd4+ Ke5 56. Nc2 Ne7+ 57. Kd7 Nd5 58. Kd8 Nb6
59. h5 Kd5 60. Ke7 Kc6 61. Kf7 Kxc7 62. Kxg7 Nc8 63. Kxh6 Ne7 64. Kg5 Nc8 65.
h6 Nd6 66. Kg6 1-0

[Event "BL 8788 Heidelberg-Koblenz"]
[Site "?"]
[Date "1988.??.??"]
[Round "?.3"]
[White "Wolf, V."]
[Black "Neunhoeffer, H."]
[Result "1/2-1/2"]
[WhiteElo "2315"]
[BlackElo "2260"]
[PlyCount "68"]
[EventDate "1988.??.??"]

1. e4 e5 2. Nf3 Nc6 3. Nc3 Nf6 4. d4 Bb4 5. Nxe5 Nxe4 6. Qg4 Nxc3 7. Qxg7 Rf8
8. a3 Ba5 9. Nxc6 dxc6 10. Qe5+ Qe7 11. Qxe7+ Kxe7 12. Bd2 Bf5 13. Bxc3 Bxc3+
14. bxc3 Bxc2 15. Kd2 Bg6 16. f4 Kd6 17. Re1 Rae8 18. Bd3 f6 19. g4 c5 20. Bxg6
hxg6 21. dxc5+ Kxc5 22. Rxe8 Rxe8 23. h4 Kc4 24. h5 gxh5 25. gxh5 Rh8 26. h6 c5
27. Rh5 b5 28. h7 a5 29. Kc2 b4 30. cxb4 cxb4 31. axb4 axb4 32. Rh6 f5 33. Rh5
Kd4 34. Rxf5 Rxh7 1/2-1/2

[Event "BL 8788 Heidelberg-Koblenz"]
[Site "?"]
[Date "1988.??.??"]
[Round "?.4"]
[White "Cicak, S."]
[Black "Brueckner, T."]
[Result "1/2-1/2"]
[WhiteElo "2290"]
[BlackElo "2400"]
[PlyCount "55"]
[EventDate "1988.??.??"]

1. e4 e6 2. d4 d5 3. Nc3 Nc6 4. Nf3 Nf6 5. e5 Ne4 6. Ne2 f6 7. exf6 Nxf6 8. Ng3
Bd6 9. Bb5 O-O 10. O-O Ne7 11. Bd3 c5 12. c4 Nc6 13. dxc5 Bxc5 14. a3 a5 15.
Qc2 Nd4 16. Nxd4 Bxd4 17. Ne2 Ba7 18. Bg5 Qe8 19. Bxf6 Rxf6 20. Bxh7+ Kh8 21.
Bd3 Qh5 22. cxd5 exd5 23. Qc7 Bb6 24. Qg3 Bg4 25. Nf4 Qg5 26. Nh3 Qh5 27. Nf4
Qg5 28. Nh3 1/2-1/2

[Event "BL 8788 Heidelberg-Koblenz"]
[Site "?"]
[Date "1988.??.??"]
[Round "?.5"]
[White "Bayer, E."]
[Black "Nonnenmacher, E."]
[Result "0-1"]
[WhiteElo "2360"]
[BlackElo "2300"]
[PlyCount "240"]
[EventDate "1988.??.??"]

1. d4 Nf6 2. c4 e6 3. Nf3 b6 4. g3 Bb7 5. Bg2 Be7 6. O-O O-O 7. d5 Re8 8. Nc3
Bb4 9. dxe6 fxe6 10. Qc2 a5 11. b3 Nc6 12. Bb2 Qe7 13. Nb5 Rac8 14. Ne5 Nd8 15.
a3 Bxg2 16. Kxg2 Bc5 17. Nd3 c6 18. Nc3 Bd6 19. Na4 Bc7 20. c5 b5 21. Nc3 e5
22. Nd1 e4 23. Ne1 Ne6 24. Rc1 Nd5 25. Kh1 Ng5 26. Ng2 Be5 27. Nde3 Nxe3 28.
Nxe3 Qf7 29. Rcd1 Bc7 30. h4 Ne6 31. Qxe4 Nxc5 32. Qf5 d5 33. Qxf7+ Kxf7 34.
Rc1 Bd6 35. Nf5 Bf8 36. Nd4 g6 37. Rc2 a4 38. b4 Nb3 39. Nxc6 Bg7 40. Rb1 d4
41. Rd1 d3 42. Rxd3 Bxb2 43. Rd7+ Kf6 44. Rxb2 Rxc6 45. Rb7 Nd4 46. Rd2 Nc2 47.
Rxb5 Nxa3 48. Rb7 Nc4 49. Rc2 Ne5 50. Rxc6+ Nxc6 51. Rb6 Re6 52. Ra6 Nd4 53.
Rxa4 Rxe2 54. Ra6+ Kf5 55. Ra5+ Ke4 56. Kg2 Rb2 57. h5 Rxb4 58. Ra7 Rb5 59.
Re7+ Re5 60. Rxh7 Rxh5 61. Rg7 Rh6 62. Rf7 Ke5 63. Rf8 Ke6 64. Rf4 Nc6 65. Rf8
Rh7 66. Rc8 Ne7 67. Rf8 Rf7 68. Re8 Rf5 69. Ra8 Rc5 70. Rf8 Rc2 71. Re8 Kf7 72.
Rb8 Nd5 73. Rb3 Ke6 74. Ra3 Rb2 75. Ra6+ Kf5 76. Ra5 Ke5 77. Ra6 Ne7 78. Kf1
Rc2 79. Rb6 Nc6 80. Kg2 Kf5 81. Rb3 Ne5 82. Rb5 g5 83. Kf1 g4 84. Ra5 Ke4 85.
Ra8 Rc1+ 86. Ke2 Nf3 87. Re8+ Kf5 88. Rf8+ Ke5 89. Re8+ Kf6 90. Rf8+ Kg7 91.
Rf4 Re1+ 92. Kd3 Nh2 93. Rf5 Re6 94. Rg5+ Kh6 95. Rg8 Nf3 96. Rf8 Kg5 97. Rg8+
Kf5 98. Rf8+ Rf6 99. Rg8 Ng1 100. Kd2 Nh3 101. Ke2 Ra6 102. Rf8+ Ke4 103. Re8+
Kd5 104. Rd8+ Ke5 105. Re8+ Kf6 106. Kf1 Ra1+ 107. Kg2 Rg1+ 108. Kh2 Rf1 109.
f4 Ra1 110. Re2 Ng1 111. Rb2 Nf3+ 112. Kg2 Ne1+ 113. Kh2 Rd1 114. Rb6+ Kf5 115.
Rb5+ Ke4 116. Rb4+ Ke3 117. Rb3+ Kf2 118. Rb2+ Kf1 119. f5 Rd8 120. Kh1 Nd3 0-1

[Event "BL 8788 Heidelberg-Koblenz"]
[Site "?"]
[Date "1988.??.??"]
[Round "?.8"]
[White "Zuse, P."]
[Black "Weidemann, J."]
[Result "1-0"]
[WhiteElo "2295"]
[BlackElo "2290"]
[PlyCount "91"]
[EventDate "1988.??.??"]

1. e4 e6 2. d4 d5 3. Nc3 Nc6 4. Nf3 Nf6 5. e5 Nd7 6. Ne2 Ne7 7. c3 b6 8. Nf4
Ng6 9. Bb5 Bb7 10. O-O Nxf4 11. Bxf4 Be7 12. Re1 c6 13. Bd3 h6 14. Bg3 c5 15.
Qd2 Bc6 16. Qf4 g6 17. h4 Nf8 18. dxc5 bxc5 19. b4 c4 20. Bc2 Bd7 21. Qg4 a5
22. a3 Qb6 23. Bf4 a4 24. h5 Kd8 25. Be3 Qc7 26. Qf4 Be8 27. Bc5 gxh5 28. Bd6
Qd7 29. Rad1 Rc8 30. Bxa4 Ng6 31. Bxd7 Nxf4 32. Bxc8 Bxd6 33. Ba6 Bc7 34. Bxc4
Rg8 35. g3 Bb6 36. Kf1 Nh3 37. Re2 h4 38. Nxh4 f5 39. exf6 Kc7 40. Rxe6 dxc4
41. f7 Bxf7 42. Re7+ Kc6 43. Rxf7 Kb5 44. Rd6 Rb8 45. Ng6 Ka4 46. Ne5 1-0

[Event "BL 8788 Kreuzberg-HSV"]
[Site "?"]
[Date "1988.??.??"]
[Round "?.1"]
[White "Schussler, H."]
[Black "Lehmann, K."]
[Result "1/2-1/2"]
[WhiteElo "2490"]
[BlackElo "2315"]
[PlyCount "133"]
[EventDate "1988.??.??"]

1. c4 e5 2. Nc3 Nf6 3. Nf3 Nc6 4. g3 Bb4 5. Bg2 O-O 6. O-O Re8 7. d3 Bxc3 8.
bxc3 e4 9. Ng5 exd3 10. exd3 b6 11. Ne4 h6 12. Rb1 Nxe4 13. Bxe4 Bb7 14. Qh5
Na5 15. f3 Qf6 16. Bd2 Bc6 17. g4 Bxe4 18. fxe4 Qg6 19. Qxg6 fxg6 20. Rf3 Nc6
21. Bf4 Ne5 22. Bxe5 Rxe5 23. Rbf1 Rae8 24. h3 h5 25. Kg2 R8e7 26. Rf8+ Kh7 27.
Rc8 hxg4 28. hxg4 Kh6 29. Rxc7 Ra5 30. Rf2 Ra3 31. Rc2 Kg5 32. Kg3 Ra5 33. Rb2
Kf6 34. Rc8 Ra3 35. Rc2 Rf7 36. Re8 Re7 37. Rf8+ Ke6 38. Kf4 Ra5 39. Ke3 Rf7
40. Rxf7 Kxf7 41. Rf2+ Ke6 42. d4 Ra3 43. Kd3 d6 44. g5 Ra5 45. d5+ Ke7 46. Kd4
Ra4 47. Rb2 Kd7 48. Kd3 Ke7 49. Rh2 Kf7 50. Re2 Ra3 51. Rf2+ Ke7 52. Rh2 Ra4
53. Rh7 Kf7 54. Rh8 Rxa2 55. Rb8 Ra1 56. Rb7+ Kf8 57. Rd7 Rd1+ 58. Ke2 Rg1 59.
Rxa7 Rxg5 60. Rd7 Rg2+ 61. Ke3 Rb2 62. Rxd6 Kf7 63. e5 g5 64. e6+ Kf6 65. Rd7
g4 66. Rf7+ Kg6 67. Rf1 1/2-1/2

[Event "BL 8788 Kreuzberg-HSV"]
[Site "?"]
[Date "1988.??.??"]
[Round "?.2"]
[White "Levitt, J."]
[Black "Wahls, M."]
[Result "1/2-1/2"]
[WhiteElo "2455"]
[BlackElo "2435"]
[PlyCount "45"]
[EventDate "1988.??.??"]

1. d4 Nf6 2. c4 e6 3. Nc3 Bb4 4. e3 b6 5. Nge2 Ba6 6. Ng3 O-O 7. e4 Nc6 8. Bd3
e5 9. d5 Bxc3+ 10. bxc3 Ne7 11. O-O d6 12. f4 exf4 13. Bxf4 Nd7 14. Qh5 Ng6 15.
e5 dxe5 16. Be3 e4 17. Nxe4 Qh4 18. Qxh4 Nxh4 19. Bf4 Rac8 20. a4 Ng6 21. a5
Nxf4 22. Rxf4 Ne5 23. Bf1 1/2-1/2

[Event "BL 8788 Kreuzberg-HSV"]
[Site "?"]
[Date "1988.??.??"]
[Round "?.3"]
[White "Stein, B."]
[Black "Conquest, S."]
[Result "0-1"]
[WhiteElo "2360"]
[BlackElo "2395"]
[PlyCount "100"]
[EventDate "1988.??.??"]

1. b3 e5 2. Bb2 d6 3. c4 Bg4 4. g3 Nf6 5. Bg2 Qc8 6. d4 exd4 7. Qxd4 Be7 8. Nc3
O-O 9. Nd5 Bd8 10. Nf3 Re8 11. Ne3 Nc6 12. Qc3 Bxf3 13. Bxf3 Ne5 14. Bg2 c6 15.
O-O Bb6 16. Rad1 Bxe3 17. fxe3 Qc7 18. Rf5 Nfd7 19. Rdf1 Re7 20. Rh5 Rae8 21.
Be4 Nf8 22. Bb1 f6 23. b4 Neg6 24. e4 Re5 25. Rxe5 Nxe5 26. Rd1 Ne6 27. Kg2 Ng5
28. Bc1 Ngf7 29. Be3 b6 30. Bc2 Qc8 31. h3 Kh8 32. a4 c5 33. b5 a5 34. Rd5 g5
35. Rd1 Rg8 36. Rf1 Rg6 37. Bd3 Rh6 38. Rh1 Kg7 39. Qa1 Qe6 40. Qc3 Kf8 41. Qc1
Ke7 42. Qc3 Ng6 43. Qc1 Nge5 44. Qc3 Nd8 45. Qc1 Qg8 46. Rf1 Ne6 47. Qc3 Qg6
48. Qe1 Nxc4 49. Bxc4 Qxe4+ 50. Kh2 Qxc4 0-1

[Event "BL 8788 Kreuzberg-HSV"]
[Site "?"]
[Date "1988.??.??"]
[Round "?.4"]
[White "Glienke, M."]
[Black "Wegner, H."]
[Result "1/2-1/2"]
[WhiteElo "2305"]
[BlackElo "2370"]
[PlyCount "67"]
[EventDate "1988.??.??"]

1. f4 c5 2. Nf3 g6 3. e3 Bg7 4. Be2 Nf6 5. O-O O-O 6. b3 Ne4 7. c3 Nc6 8. Bb2
d5 9. d3 Nd6 10. Qc1 e5 11. fxe5 Nxe5 12. c4 d4 13. exd4 Nxf3+ 14. Bxf3 cxd4
15. Na3 Nf5 16. Nc2 Re8 17. Re1 Be5 18. Qd2 Qd6 19. g3 Rb8 20. Qg2 b6 21. Re2
Be6 22. Rae1 f6 23. Ba3 Qc7 24. Bc1 a5 25. Bd5 Rbd8 26. Bc6 Bd7 27. Bd5+ Be6
28. Bc6 Bd7 29. Bf3 h5 30. Bd5+ Be6 31. Bc6 Bd7 32. Bd5+ Be6 33. Bc6 Bd7 34.
Bd5+ 1/2-1/2

[Event "BL 8788 Kreuzberg-HSV"]
[Site "?"]
[Date "1988.??.??"]
[Round "?.5"]
[White "Reefschlaeger, H."]
[Black "Grzesik, F."]
[Result "1-0"]
[WhiteElo "2340"]
[BlackElo "2255"]
[PlyCount "97"]
[EventDate "1988.??.??"]

1. e4 Nf6 2. Nc3 d5 3. e5 Ne4 4. Nce2 d4 5. c3 Nc6 6. Nxd4 Nxd4 7. Qa4+ c6 8.
Qxd4 Qxd4 9. cxd4 Ng5 10. Bc4 Bf5 11. d3 Ne6 12. Be3 Nc7 13. Ke2 Be6 14. Nf3
Bg4 15. h3 Bxf3+ 16. Kxf3 e6 17. Ke2 Be7 18. f4 f5 19. a3 Kf7 20. b4 Rhd8 21.
Rab1 Nd5 22. Rhc1 a6 23. Bd2 Nb6 24. Bb3 Rd7 25. a4 Bd8 26. g4 g6 27. gxf5 gxf5
28. Rg1 Be7 29. Rg2 Bf8 30. Rg5 Nd5 31. Rbg1 Ne7 32. Bc3 Nd5 33. Bxd5 cxd5 34.
Rg8 Rc8 35. R1g7+ Bxg7 36. Rxc8 Ke7 37. b5 Rd8 38. Rc7+ Rd7 39. Rc5 axb5 40.
axb5 Bf8 41. Rc8 Bg7 42. Bb4+ Kf7 43. b6 Bh6 44. Kf3 Bg7 45. Bd6 Bh6 46. Rb8
Bg7 47. Bc7 Bf8 48. Rxb7 Bb4 49. Ra7 1-0

[Event "BL 8788 Kreuzberg-HSV"]
[Site "?"]
[Date "1988.??.??"]
[Round "?.4"]
[White "Konieczka, F."]
[Black "Maus, So"]
[Result "0-1"]
[WhiteElo "2235"]
[BlackElo "2375"]
[PlyCount "62"]
[EventDate "1988.??.??"]

1. e4 c5 2. Nf3 e6 3. d3 d5 4. Nbd2 Nc6 5. g3 g6 6. Bg2 Bg7 7. O-O Nge7 8. Nh4
O-O 9. f4 b6 10. Kh1 dxe4 11. Nxe4 Ba6 12. Qe2 Qc7 13. g4 c4 14. dxc4 Nd4 15.
Qf2 Bxc4 16. Re1 f5 17. Ng5 fxg4 18. c3 h6 19. Bxa8 hxg5 20. Be4 gxh4 21. cxd4
Nf5 22. Qg2 Nd6 23. b3 h3 24. Qc2 Bxd4 25. bxc4 Bxa1 26. Ba3 Bd4 27. Bxd6 Qxd6
28. Bxg6 Rxf4 29. Be8 Rf2 30. Qg6+ Kf8 31. Qh6+ Bg7 0-1

[Event "BL 8788 Kreuzberg-HSV"]
[Site "?"]
[Date "1988.??.??"]
[Round "?.8"]
[White "Albrecht, R."]
[Black "Michaelsen, N."]
[Result "0-1"]
[WhiteElo "2230"]
[BlackElo "2205"]
[PlyCount "46"]
[EventDate "1988.??.??"]

1. d4 Nf6 2. c4 g6 3. Nf3 Bg7 4. b4 O-O 5. e3 d5 6. Nbd2 b6 7. b5 c5 8. Bb2
cxd4 9. exd4 Nbd7 10. Qb3 Bb7 11. Be2 Ne4 12. cxd5 Nxd2 13. Nxd2 Nf6 14. O-O
Bxd5 15. Qb4 Rc8 16. a4 e6 17. a5 bxa5 18. Rxa5 Bxg2 19. Kxg2 Nd5 20. Qa3 Qg5+
21. Kh1 Qxd2 22. Bf3 Bxd4 23. Bc1 Rxc1 0-1

[Event "BL 8788 Lasker-Zehlendorf"]
[Site "?"]
[Date "1988.??.??"]
[Round "?.1"]
[White "Pritchett, C."]
[Black "Muse, M."]
[Result "1-0"]
[WhiteElo "2385"]
[BlackElo "2415"]
[PlyCount "99"]
[EventDate "1988.??.??"]

1. e4 c5 2. Nf3 Nc6 3. d4 cxd4 4. Nxd4 Nf6 5. Nc3 e5 6. Ndb5 d6 7. Bg5 a6 8.
Na3 b5 9. Nd5 Be7 10. Bxf6 Bxf6 11. c3 Bb7 12. Nc2 Ne7 13. Ncb4 O-O 14. a4 a5
15. Nxe7+ Bxe7 16. Nd5 bxa4 17. Rxa4 Bc6 18. Ra2 Bxd5 19. Qxd5 Qb8 20. Bc4 Bd8
21. O-O Bb6 22. g3 Ra7 23. Kg2 Kh8 24. b3 Re7 25. Rd1 Re6 26. Qb5 Rh6 27. Bd5
f5 28. exf5 Rxf5 29. Be4 Rf8 30. Rd3 Rhf6 31. f3 Qc7 32. Qc6 Qxc6 33. Bxc6 Rc8
34. Be4 g6 35. h4 Kg7 36. Bb7 Rb8 37. Bd5 Rff8 38. Ra4 Rfc8 39. Be6 Rd8 40. Bc4
Rbc8 41. Rd5 Rb8 42. Kf1 Rf8 43. Ke2 Rf6 44. Rb5 Rff8 45. b4 axb4 46. Raxb4
Rfc8 47. Be6 Re8 48. Bd7 Red8 49. Bh3 Bc7 50. Rb7 1-0

[Event "BL 8788 Lasker-Zehlendorf"]
[Site "?"]
[Date "1988.??.??"]
[Round "?.2"]
[White "Berg, K."]
[Black "Wockenfuss, K."]
[Result "1/2-1/2"]
[WhiteElo "2350"]
[BlackElo "2415"]
[PlyCount "44"]
[EventDate "1988.??.??"]

1. d4 Nf6 2. c4 d6 3. Nc3 e5 4. d5 Be7 5. e4 O-O 6. Bd3 Ne8 7. Nf3 a5 8. h3 Nd7
9. O-O g6 10. Bh6 Ng7 11. a3 Kh8 12. b4 Nf6 13. Qc2 Ng8 14. Bxg7+ Kxg7 15. c5
Nf6 16. cxd6 cxd6 17. Nd2 axb4 18. axb4 Rxa1 19. Rxa1 Qb6 20. b5 Bd7 21. Na4
Qd4 22. Qc3 Qxc3 1/2-1/2

[Event "BL 8788 Lasker-Zehlendorf"]
[Site "?"]
[Date "1988.??.??"]
[Round "?.3"]
[White "Cladouras, P."]
[Black "Paulsen, D."]
[Result "1/2-1/2"]
[WhiteElo "2365"]
[BlackElo "2340"]
[PlyCount "20"]
[EventDate "1988.??.??"]

1. e4 d6 2. d4 Nf6 3. Nc3 g6 4. f4 Bg7 5. Nf3 O-O 6. Bd3 Na6 7. O-O c5 8. d5
Rb8 9. a4 Nb4 10. Bc4 Bg4 1/2-1/2

[Event "BL 8788 Lasker-Zehlendorf"]
[Site "?"]
[Date "1988.??.??"]
[Round "?.4"]
[White "Schacht, H."]
[Black "Vogel, R."]
[Result "1-0"]
[WhiteElo "2310"]
[BlackElo "2385"]
[PlyCount "35"]
[EventDate "1988.??.??"]

1. d4 Nf6 2. c4 g6 3. Nc3 d5 4. Bf4 Bg7 5. e3 O-O 6. Qb3 c6 7. Nf3 Qa5 8. Rc1
dxc4 9. Bxc4 b5 10. Be2 Be6 11. Qd1 b4 12. Qa4 Qxa4 13. Nxa4 Nh5 14. Be5 f6 15.
Bxb8 Rfxb8 16. Bc4 Bxc4 17. Rxc4 f5 18. Ke2 1-0

[Event "BL 8788 Lasker-Zehlendorf"]
[Site "?"]
[Date "1988.??.??"]
[Round "?.5"]
[White "Rahls, R."]
[Black "Junge, R."]
[Result "0-1"]
[WhiteElo "2205"]
[BlackElo "2315"]
[PlyCount "84"]
[EventDate "1988.??.??"]

1. e4 e6 2. Nf3 d5 3. e5 c5 4. b4 cxb4 5. d4 Bd7 6. a3 bxa3 7. c3 Nc6 8. Bd3 b5
9. Nxa3 b4 10. cxb4 Bxb4+ 11. Bd2 a6 12. O-O Nge7 13. Nc2 a5 14. Qe2 Bxd2 15.
Qxd2 h6 16. h4 O-O 17. Ne3 Nb4 18. Bb1 Nf5 19. Nxf5 exf5 20. Qf4 Bb5 21. Qxf5
g6 22. Qf4 Kg7 23. Rc1 Bd3 24. Ra3 Bxb1 25. Rxb1 Qe7 26. Nh2 h5 27. g4 Qxh4 28.
Rbb3 f5 29. exf6+ Qxf6 30. Qd2 hxg4 31. Re3 Rf7 32. Nxg4 Qg5 33. Qe2 Nc6 34.
Rad3 Rf4 35. Rg3 Re4 36. Qd1 Rae8 37. Ne3 Qf6 38. Qh5 Rf8 39. f3 Rxd4 40. Nxd5
Qd6 41. f4 Rxd3 42. Ne3 Rxe3 0-1

[Event "BL 8788 Lasker-Zehlendorf"]
[Site "?"]
[Date "1988.??.??"]
[Round "?.6"]
[White "Breutigam, M."]
[Black "Riedel, W."]
[Result "1-0"]
[WhiteElo "2320"]
[BlackElo "2310"]
[PlyCount "65"]
[EventDate "1988.??.??"]

1. d4 d5 2. Nf3 Nf6 3. c4 c6 4. Nc3 e6 5. Bg5 dxc4 6. e4 b5 7. a4 Bb4 8. e5 h6
9. exf6 hxg5 10. fxg7 Rg8 11. h4 g4 12. Ne5 Rxg7 13. h5 f5 14. h6 Rh7 15. axb5
cxb5 16. Nxg4 fxg4 17. Qxg4 Bxc3+ 18. bxc3 Qe7 19. Qh5+ Qf7 20. Qxb5+ Bd7 21.
Qb7 Bc6 22. Qc8+ Ke7 23. Bxc4 Kd6 24. Bb5 Qd7 25. Qf8+ Qe7 26. Qf4+ e5 27.
dxe5+ Qxe5+ 28. Qxe5+ Kxe5 29. Rh5+ Kf6 30. O-O-O Bxb5 31. Rxb5 Nd7 32. Rd6+
Ke7 33. Rxd7+ 1-0

[Event "BL 8788 Bayern-München 36"]
[Site "?"]
[Date "1988.??.??"]
[Round "?.1"]
[White "Smejkal, J."]
[Black "Ribli, Z."]
[Result "1/2-1/2"]
[WhiteElo "2515"]
[BlackElo "2595"]
[PlyCount "30"]
[EventDate "1988.??.??"]

1. Nf3 Nf6 2. g3 d5 3. Bg2 c6 4. O-O Bg4 5. d3 e6 6. Qe1 Be7 7. e4 O-O 8. h3
Bxf3 9. Bxf3 c5 10. exd5 exd5 11. Nc3 Nc6 12. Bg5 Qd7 13. Bg2 Nb4 14. Qe2 Rae8
15. a3 Nc6 1/2-1/2

[Event "BL 8788 Bayern-München 36"]
[Site "?"]
[Date "1988.??.??"]
[Round "?.2"]
[White "Bischoff, K."]
[Black "Nikolac, J."]
[Result "1/2-1/2"]
[WhiteElo "2460"]
[BlackElo "2470"]
[PlyCount "143"]
[EventDate "1988.??.??"]

1. c4 Nf6 2. Nc3 e5 3. Nf3 Nc6 4. d3 d6 5. g3 g6 6. Bg2 Bg7 7. Rb1 O-O 8. O-O
Re8 9. Nd2 Nd4 10. b4 a6 11. a4 c6 12. e3 Ne6 13. a5 Nf8 14. Na4 Bg4 15. Qc2
Rc8 16. h3 Bf5 17. Rd1 N8d7 18. Ne4 Bf8 19. Nxf6+ Qxf6 20. Nc3 Qe7 21. Qe2 Bg7
22. Bd2 Nf6 23. Be1 h5 24. b5 axb5 25. cxb5 d5 26. bxc6 bxc6 27. Na4 Nd7 28. e4
Be6 29. Bb4 Qd8 30. Rdc1 d4 31. a6 Qc7 32. Nc5 Nxc5 33. Bxc5 Bh6 34. Rc2 Rb8
35. Rxb8 Rxb8 36. a7 Ra8 37. Rb2 Bf8 38. Bb6 Qc8 39. Qc2 Ba3 40. Rb1 c5 41. Qa4
Bb4 42. Qb5 Bd7 43. Qc4 Qc6 44. Bxc5 Bxc5 45. Rb8+ Bf8 46. Qb4 Bc8 47. Qc4 Qxc4
48. dxc4 Rxa7 49. Rxc8 Ra1+ 50. Bf1 Re1 51. Kg2 Kg7 52. c5 Rc1 53. c6 Bd6 54.
Bb5 Kf6 55. Rd8 Ke6 56. Rd7 f5 57. Ba4 Rc3 58. Rb7 Be7 59. Bb3+ Kf6 60. Bd5 d3
61. Rb3 Rxb3 62. Bxb3 Bd8 63. Kf3 Bb6 64. c7 Bxc7 65. Ke3 Bb6+ 66. Kxd3 Bxf2
67. g4 fxg4 68. hxg4 h4 69. Ke2 Bd4 70. Kf3 Kg5 71. Bc4 Bc3 72. Bf1 1/2-1/2

[Event "BL 8788 Bayern-München 36"]
[Site "?"]
[Date "1988.??.??"]
[Round "?.3"]
[White "Bastian, H."]
[Black "Hickl, J."]
[Result "0-1"]
[WhiteElo "2335"]
[BlackElo "2455"]
[PlyCount "100"]
[EventDate "1988.??.??"]

1. e4 g6 2. Bc4 Bg7 3. Qf3 e6 4. Ne2 c5 5. d3 Nc6 6. Nbc3 a6 7. Bf4 d6 8. Qe3
h6 9. h3 Nge7 10. Bb3 b6 11. O-O Bb7 12. Rae1 g5 13. Bh2 Ng6 14. Kh1 Qc7 15.
Nb1 Nd4 16. Nxd4 Bxd4 17. Qc1 O-O-O 18. Nd2 Be5 19. Nf3 Bf4 20. Bxf4 Nxf4 21.
a3 e5 22. Qe3 Kb8 23. Kh2 Qd7 24. Ng1 f5 25. c3 fxe4 26. dxe4 g4 27. h4 Qb5 28.
Bf7 Rhf8 29. a4 Qxa4 30. b3 Qxe4 31. Qxe4 Bxe4 32. Rxe4 Rxf7 33. g3 Nd3 34.
Rxg4 Nxf2 35. Kg2 Nxg4 36. Rxf7 d5 37. h5 d4 38. cxd4 exd4 39. Nf3 d3 40. Kh3
Nf2+ 41. Kg2 Ne4 42. Ne5 Rd6 43. Rf8+ Kc7 44. Rf7+ Kd8 45. Rf1 Ke7 46. Rd1 d2
47. Nc4 Rd3 48. g4 b5 49. Ne5 Rg3+ 50. Kf1 Ke6 0-1

[Event "BL 8788 Bayern-München 36"]
[Site "?"]
[Date "1988.??.??"]
[Round "?.4"]
[White "Hecht, H."]
[Black "Kaiser, W."]
[Result "0-1"]
[WhiteElo "2445"]
[BlackElo "2355"]
[PlyCount "80"]
[EventDate "1988.??.??"]

1. Nf3 c5 2. g3 Nf6 3. Bg2 g6 4. O-O Bg7 5. d3 O-O 6. e4 d5 7. Nbd2 Nc6 8. Re1
b6 9. exd5 Nxd5 10. Nc4 Bb7 11. c3 Qc7 12. a4 a6 13. Qb3 Rad8 14. Bd2 Ba8 15.
Re2 e5 16. Rae1 Rfe8 17. Nh4 Ndb4 18. cxb4 Nd4 19. Qd1 Bxg2 20. Kxg2 Qc6+ 21.
Kg1 Nxe2+ 22. Qxe2 cxb4 23. b3 b5 24. axb5 axb5 25. Na5 Qa8 26. Bxb4 e4 27.
dxe4 Rd4 28. Bd2 Rdxe4 29. Qd1 Qd5 30. Be3 Qa8 31. Bd2 Rxe1+ 32. Bxe1 Qe4 33.
Ng2 Bd4 34. Nc6 Bc5 35. Na5 Bb6 36. b4 Rd8 37. Qc1 Qe2 38. Qf4 h5 39. Nc6 Re8
40. Qd2 Bxf2+ 0-1

[Event "BL 8788 Bayern-München 36"]
[Site "?"]
[Date "1988.??.??"]
[Round "?.6"]
[White "Stangl, M."]
[Black "Pichler, J."]
[Result "0-1"]
[WhiteElo "2375"]
[BlackElo "2320"]
[PlyCount "139"]
[EventDate "1988.??.??"]

1. Nf3 Nf6 2. c4 g6 3. g3 Bg7 4. Bg2 O-O 5. O-O d6 6. Nc3 e5 7. d4 Nbd7 8. e4
c6 9. Rb1 Re8 10. Re1 a5 11. h3 exd4 12. Nxd4 Qb6 13. Be3 Qc7 14. b3 Nc5 15.
Qc2 Nfd7 16. Rbd1 Nf8 17. Re2 Bd7 18. Red2 Rad8 19. Bg5 f6 20. Bf4 g5 21. Be3
Ng6 22. Nf5 Bxf5 23. exf5 Rxe3 24. fxg6 Re5 25. gxh7+ Kh8 26. Qg6 Qe7 27. Kh2
Ne6 28. Ne2 f5 29. Ng1 Nf8 30. Qh5 g4 31. f4 gxf3 32. Nxf3 Re6 33. Qxf5 Nxh7
34. Nh4 Qe8 35. Rf1 Rf6 36. Qg4 Rxf1 37. Bxf1 Nf6 38. Qf5 Qe4 39. Re2 Qxf5 40.
Nxf5 Bf8 41. Re6 Ne8 42. Nh4 Kg7 43. Ng6 Nc7 44. Nxf8 Kxf8 45. Re2 d5 46. Rf2+
Kg7 47. h4 d4 48. g4 Ne6 49. Bd3 Nc5 50. Bf5 d3 51. Rd2 Kf6 52. Kg3 Ke5 53. Kf3
Kd4 54. h5 Rh8 55. Rd1 Kc3 56. Bg6 Rf8+ 57. Kg3 d2 58. h6 Ne6 59. Bf5 Nd4 60.
Be4 Ne6 61. Kh4 Rf2 62. g5 Rf4+ 63. Kg3 Rxe4 64. h7 Re3+ 65. Kg4 Rh3 66. g6 Rh6
67. Kf5 Kc2 68. Rxd2+ Kxd2 69. Kxe6 Rxg6+ 70. Kf7 0-1

[Event "BL 8788 Bayern-München 36"]
[Site "?"]
[Date "1988.??.??"]
[Round "?.8"]
[White "Klundt, K."]
[Black "Koepf, U."]
[Result "1/2-1/2"]
[WhiteElo "2390"]
[BlackElo "2230"]
[PlyCount "102"]
[EventDate "1988.??.??"]

1. e4 e6 2. d4 d5 3. Nd2 c5 4. Ngf3 Nc6 5. exd5 exd5 6. Bb5 Bd6 7. dxc5 Bxc5 8.
O-O Nge7 9. Nb3 Bd6 10. Bg5 O-O 11. Bh4 Qb6 12. Be2 Nf5 13. Bg5 h6 14. Bd2 d4
15. Re1 Be6 16. Bd3 Rad8 17. Re2 Rfe8 18. Qe1 Bd7 19. Rxe8+ Rxe8 20. Qf1 Ne5
21. Nxe5 Bxe5 22. Re1 Qd8 23. g3 Nd6 24. Bb4 Bc6 25. Na5 Bf3 26. Qh3 b6 27. Nc4
Nxc4 28. Bxc4 Bf6 29. Qf5 Rxe1+ 30. Bxe1 Qe7 31. Qxf3 Qxe1+ 32. Kg2 Qe7 33. h4
g6 34. h5 g5 35. Qf5 Bg7 36. Qc8+ Bf8 37. Bd5 Qf6 38. Qd7 a5 39. a3 Kg7 40. Bc4
Kg8 41. Bd3 Kg7 42. Qd5 Kg8 43. Qe4 Bc5 44. f3 Kg7 45. Bc4 Kf8 46. Qh7 Be7 47.
Kh3 Qg7 48. Qe4 Qf6 49. Kg4 Kg7 50. Qd5 Kf8 51. Qe4 Kg7 1/2-1/2

[Event "BL 8788 Zähringen-Sindelfingen"]
[Site "?"]
[Date "1988.??.??"]
[Round "?.1"]
[White "Franke, H."]
[Black "Raupp, T."]
[Result "1/2-1/2"]
[WhiteElo "2350"]
[BlackElo "2300"]
[PlyCount "51"]
[EventDate "1988.??.??"]

1. d4 Nf6 2. Nf3 e6 3. c4 d5 4. Nc3 Be7 5. Bg5 h6 6. Bh4 O-O 7. e3 b6 8. cxd5
Nxd5 9. Bxe7 Qxe7 10. Nxd5 exd5 11. Rc1 Be6 12. Qa4 c5 13. dxc5 bxc5 14. Qa3
Rc8 15. Bb5 a6 16. O-O Qb7 17. Ba4 Qb6 18. Qb3 Qa7 19. Qd3 Nd7 20. Bc2 Nf8 21.
b3 a5 22. e4 c4 23. Qd4 cxb3 24. Bxb3 Rxc1 25. Rxc1 dxe4 26. Qxe4 1/2-1/2